| 000 | 00965nam a2200229Ia 4500 | ||
|---|---|---|---|
| 001 | L000-51330 | ||
| 003 | IT-CnALBA | ||
| 008 | 170116s9999||||xx |||||||||||||| ||und|| | ||
| 040 |
_aIT-CnALBA _cIT-CnALBA |
||
| 041 | _aITALIANO | ||
| 100 | _aGIUSSANI LUIGI, MONS. | ||
| 245 | 0 | _aRICONOSCERE UNA PRESENZA. | |
| 250 | _a1a ed. | ||
| 260 |
_a MILANO - TORINO _bSAN PAOLO ED. _c1997 [1° Ed.:1997 - Ed.Ling.Originale: 1997] |
||
| 300 | _a125 p. | ||
| 500 | _aINTRODUZIONE MAIO A. ANTOLOGIA A CURA DI GAETA S. ADULTO. AFFETTIVITA'. AFFEZZIONE... VIRTÙ. VITA. VOCAZIONE. INTERVISTA CON DON GIUSSANI LUIGI. | ||
| 501 | _aSocietà San Paolo EM - Piazza San Paolo, 14 - 12051 ALBA (CN) (non commercial uses only) ® Copyright 2017 | ||
| 520 | _aINTRODUZIONE MAIO A. ANTOLOGIA A CURA DI GAETA S. ADULTO. AFFETTIVITA'. AFFEZZIONE... VIRTÙ. VITA. VOCAZIONE. INTERVISTA CON DON GIUSSANI LUIGI. | ||
| 650 | _aGENERALITÀ | ||
| 942 | _cBK | ||
| 957 | _71 | ||
| 999 |
_a62963 _bNO _g Copie: 1 _c310207 _d310207 |
||